| 000 | 01458nam0a2200373 4500 | ||
|---|---|---|---|
| 001 | RU\NLR\BIBL_A\022302014 | ||
| 005 | 20260420013504.0 | ||
| 010 |
_a978-5-7057-6316-0 _91500 |
||
| 021 |
_aRU _bКН-П-24-039070 _9КН-П-24-3890 |
||
| 035 | _a(NLR Aleph) 022302014 | ||
| 090 |
_a13663039 _c13663039 |
||
| 100 | _a20240819d2024 b y0rusy50 ca | ||
| 101 | 0 | _arus | |
| 102 | _aRU | ||
| 105 | _ay|||j|||000yy | ||
| 181 | 0 |
_ai4 _baxxe |
|
| 182 | 0 | _an | |
| 200 | 1 |
_aРазвивающие занятия с детьми 2-4 лет _fИздательство "Учитель" _gавтор-составитель: М. Ю. Грузова |
|
| 203 |
_aТекст _bвизуальный _cнепосредственный |
||
| 210 |
_aВолгоград _cУчитель _d2024 |
||
| 215 |
_a115 с. _d20 |
||
| 225 | 1 | _aДля воспитателей ДОО | |
| 225 | 1 | _aФГОС ДО | |
| 225 | 1 | _aФОП ДО | |
| 333 | _a0+ | ||
| 606 | 1 |
_aДошкольники _jРуководства, пособия и т.п _xРазвивающее обучение _92094168 _3RU\NLR\AUTH\661570783 |
|
| 686 | 1 | _aЧ411.38я7 | |
| 702 | 1 |
_aГрузова _bМ. Ю. _gМарина Юрьевна _4220 |
|
| 712 | 0 | 2 |
_4475 _a"Учитель", издательство _cВолгоград _9505853 _3RU\NLR\AUTH\8810004275 |
| 942 | _cBOOK | ||
| 980 | _aNB | ||